01314nam a22002177a 450000500170000000800410001704000290005804100080008708200140009510000290010924200370013824500410017526000950021630000300031150004550034150501780079650600210097454600230099565000410101865000370105920190304113100.0150928n fr |||fr|||| 001 f fre d cSandra YazodSandra Yazo0 afre04220a843.81 aBourget, Pauld1852-193504aLos desvíos del corazónyspa14aLes détours du coeurcPaul Bourget aParís (Francia)bPlon-Nourrit et Cie. [Plon-Nourrit y Compañía]c[fecha desconocida] a383 páginasc18 x 12 cm aDetalles físicos: Encuadernación rígida (holandesa) en cartón forrado en papel jaspeado azul; lomo de tela texturizada con adornos en dorado. Guardas. Hoja de cortesía. Anteportada. Portada impresa en una sola tinta, con marca tipográfica de los editores. Dedicatoria. Texto impreso en una sola columna. Cortes con jaspeados. Papel con manchas y en portada sello de tinta: “Librería Colombiana. Camacho Roldán & Tamayo. Bogotá”. 0aBrutus ; La vida es para los jóvenes ; Complicidad ; Amenaza ; La prueba ; El rapto ; La informante ; La trampa ; El abanico de encaje ; El experto ; La palabra empeñada aConsulta en sala aTexto en francés 7aLiteratura francesa ySiglo XIX - XX 7aNovela francesa ySiglo XIX - XX